Constitución política del Estado de Chile
שמור ב:
| מחבר ראשי: | |
|---|---|
| פורמט: | ספר |
| שפה: | ספרדית |
| יצא לאור: |
Londres
Manuel Calero, 17, Frederick Place, Goswell Road
1826
|
| מהדורה: | 1a. ed |
| סדרה: | Colección de algunos escritos políticos, morales, poéticos y filosóficos, I
|
| נושאים: | |
| גישה מקוונת: | grabado de Juan Egaña |
| תגים: |
הוספת תג
אין תגיות, היה/י הראשונ/ה לתייג את הרשומה!
|
MARC
| LEADER | 00000nam a2200000 a 4500 | ||
|---|---|---|---|
| 001 | UCJ4689 | ||
| 003 | CL-VaPUC | ||
| 008 | 070124e18260000UK |||||||||||||||||spa|d | ||
| 082 | 0 | 4 | |a 983 |b EGA |2 21 |
| 100 | |a Egaña, Juan |e author |9 387807 | ||
| 245 | 1 | 0 | |a Constitución política del Estado de Chile |
| 246 | 1 | 0 | |a Examen instructivo de la Constitución Política de Chile, promulgada en 1823 |
| 246 | 1 | 0 | |a Memoria sobre las diversas formas de lejislatura y la que conviene á las repúblicas unas é indivisibles |
| 246 | 1 | 0 | |a Lijeras advertencias sobre los reparos del Mensajero de Londres a la Constitución chilena de 1823 |
| 246 | 1 | 0 | |a Memoria sobre la federación en general y con relación a Chile |
| 246 | 1 | 0 | |a Breve contestación a las observaciones publicadas impugnando la Memoria sobre sistemas federativos |
| 246 | 1 | 0 | |a Carta constitucional |
| 250 | |a 1a. ed | ||
| 300 | |a pág. irreg | ||
| 942 | |c BK | ||
| 945 | |d 20070124 00:00:00 |a rinostro | ||
| 260 | |a Londres |b Manuel Calero, 17, Frederick Place, Goswell Road |c 1826 | ||
| 500 | |a Front., retrato de Don Juan Egaña | ||
| 650 | 0 | |a Bibliografías |9 257071 | |
| 650 | 0 | |a Derecho constitucional |9 222588 | |
| 650 | 0 | |a Constitución política |9 336925 | |
| 856 | 7 | |f UCJ4689_01.jpg |u http://opac.pucv.cl/pucv_img/Img-4500/UCJ4689_01.jpg |q JEPG |2 file |z grabado de Juan Egaña | |
| 583 | |a last modification |c 20131001 02:00:13 |k Rodrigo Vera | ||
| 490 | 0 | |a Colección de algunos escritos políticos, morales, poéticos y filosóficos, I | |
| 999 | |c 320805 |d 320803 | ||
| 952 | |0 0 |1 0 |4 0 |6 983_000000000000000_EGA_1826 |7 0 |8 X |9 399405 |a FDOBUD |b FDOBUD |d 2019-11-22 |i 1023470 |o 983 EGA 1826 |p 1023470 |r 2019-11-22 |w 2019-11-22 |y BK_X |k BUD | ||